| 000 | 00456nam a22001337a 4500 | ||
|---|---|---|---|
| 003 | URS | ||
| 005 | 20250407171120.0 | ||
| 008 | 250407b |||||||| |||| 00| 0 eng d | ||
| 040 | _cURS | ||
| 100 | 1 | _aHasper Anna | |
| 245 | 1 | 0 | _aProfessional development / The emotional rollercoaster of being a teacher educator |
| 773 | 0 |
_082535 _974950 _dSussex: Pavilion Publishing and Media Ltd, 2023- _oPIL-03080587-32-5 _tModern English Teacher _x03080587 |
|
| 942 |
_2ddc _cCR |
||
| 999 |
_c82536 _d82535 |
||